Flags of the World but Nordic - Statistics

General Stats
  • This quiz has been taken 1,846 times
    1,359 since last reset
  • The average score is 132 of 196
Answer Stats
Picture Answer % Correct
Denmark
99%
Finland
99%
Norway
99%
Sweden
99%
Iceland
98%
United States
98%
Canada
97%
Germany
97%
Mexico
94%
Spain
94%
United Kingdom
94%
Argentina
93%
Australia
93%
Brazil
93%
China
93%
Ireland
93%
South Korea
93%
India
92%
South Africa
92%
Egypt
91%
Japan
91%
New Zealand
91%
Pakistan
91%
Portugal
91%
Saudi Arabia
91%
France
90%
Greece
90%
Iran
89%
Mongolia
89%
Ivory Coast
88%
Italy
87%
North Korea
87%
Belgium
85%
Kazakhstan
85%
Colombia
84%
Cyprus
84%
Netherlands
83%
Iraq
82%
Kosovo
82%
Luxembourg
82%
Chile
81%
Turkey
81%
Turkmenistan
81%
Ethiopia
80%
Israel
80%
Russia
80%
Vietnam
80%
Azerbaijan
79%
Bangladesh
79%
Qatar
79%
Switzerland
79%
Georgia
78%
Kenya
78%
Venezuela
78%
Jamaica
77%
Panama
77%
Sri Lanka
77%
Uruguay
77%
Bhutan
76%
Nepal
76%
Uzbekistan
76%
Singapore
75%
Tunisia
75%
Hungary
74%
Lebanon
74%
Niger
74%
Kyrgyzstan
73%
Malta
73%
Poland
73%
Laos
72%
Latvia
72%
Somalia
72%
Vatican City
72%
Andorra
71%
Angola
71%
Armenia
71%
Bahrain
71%
Serbia
71%
Albania
70%
Croatia
70%
Liberia
70%
Mozambique
70%
Myanmar
70%
Cambodia
69%
Democratic Republic of the Congo
69%
Peru
69%
Syria
69%
Taiwan
69%
Barbados
68%
Monaco
68%
Morocco
68%
Slovakia
68%
Uganda
68%
San Marino
67%
Botswana
66%
Fiji
66%
Malawi
66%
Tanzania
66%
Dominican Republic
65%
Papua New Guinea
65%
Philippines
65%
Slovenia
65%
Brunei
64%
Ecuador
64%
Haiti
64%
Ukraine
64%
Bulgaria
63%
Honduras
63%
Belize
62%
Bosnia and Herzegovina
62%
Cape Verde
62%
Estonia
62%
eSwatini
62%
Kiribati
62%
Moldova
62%
El Salvador
61%
Guatemala
61%
Libya
61%
Nicaragua
61%
Oman
61%
Togo
61%
Zambia
61%
Eritrea
60%
Lesotho
60%
Palau
60%
Romania
60%
Tajikistan
60%
Tonga
60%
Bolivia
59%
Chad
59%
Dominica
59%
Federated States of Micronesia
59%
Malaysia
59%
Maldives
59%
Senegal
59%
Yemen
59%
Zimbabwe
59%
Benin
58%
Ghana
58%
Marshall Islands
58%
Nigeria
58%
North Macedonia
58%
Paraguay
58%
Saint Vincent and the Grenadines
58%
United Arab Emirates
58%
Comoros
57%
Lithuania
57%
Montenegro
57%
Tuvalu
57%
Algeria
56%
Madagascar
56%
Mali
56%
Mauritania
56%
Republic of the Congo
56%
Vanuatu
56%
Cameroon
55%
Nauru
55%
Central African Republic
54%
Gabon
54%
Guinea
54%
Kuwait
54%
Namibia
54%
Suriname
54%
Burundi
53%
Equatorial Guinea
53%
Rwanda
53%
Samoa
53%
Sierra Leone
53%
Grenada
52%
Solomon Islands
52%
Trinidad and Tobago
52%
Costa Rica
49%
Gambia
49%
Jordan
49%
Cuba
48%
Saint Kitts and Nevis
48%
Burkina Faso
47%
Djibouti
47%
Guinea Bissau
45%
São Tomé and Príncipe
45%
Afghanistan
44%
Antigua and Barbuda
44%
Belarus
44%
Sudan
43%
Austria
42%
Saint Lucia
42%
Czech Republic
40%
Bahamas
39%
East Timor
36%
Guyana
35%
Seychelles
35%
Thailand
35%
Indonesia
31%
Liechtenstein
29%
South Sudan
28%
Mauritius
25%
No matching quizzes found
Score Distribution
Percent of People with Each Score
Percentile by Number Answered
Your Score History
You have not taken this quiz since the last reset